Capitals and Largest Cities of Albania - Statistics

General Stats
  • This quiz has been taken 10 times
  • The average score is 11 of 12
Answer Stats
County Capital % Correct
Berat Berat
100%
Durrës Durrës
100%
Elbasan Elbasan
100%
Fier Fier
100%
Korçë Korçë
100%
Kukës Kukës
100%
Lezhë Lezhë
100%
Shkodër Shkodër
100%
Tirana Tirana
100%
Vlorë Vlorë
100%
Gjirokastër Gjirokastër
89%
Dibër Peshkopi
56%
No matching quizzes found
Score Distribution
Percent of People with Each Score
Percentile by Number Answered
Your Score History
You have not taken this quiz